The managers : A new examination of the English, German, and Marican executive

Đã lưu trong:
Sonraí Bibleagrafaíochta
Príomhúdar: Lewis, Roy
Formáid: Leabhar
Teanga:Undetermined
Foilsithe: New York A Mentor 1961
Ábhair:
Clibeanna: Cuir Clib Leis
Gan Chlibeanna, Bí ar an gcéad duine leis an taifead seo a chlibeáil!
Thư viện lưu trữ: Trung tâm Học liệu Trường Đại học Cần Thơ
LEADER 00517nam a2200193Ia 4500
001 CTU_99234
008 210402s9999 xx 000 0 und d
082 |a 658 
082 |b L673 
100 |a Lewis, Roy 
245 4 |a The managers : 
245 2 |b A new examination of the English, German, and Marican executive 
245 0 |c Roy Lewis 
260 |a New York 
260 |b A Mentor 
260 |c 1961 
650 |a Executives 
904 |i Truc, Q. Hieu 
980 |a Trung tâm Học liệu Trường Đại học Cần Thơ